| Tag |
First Indicator |
Second Indicator |
Subfields |
| LEADER |
00000cam a2200000 i 4500 |
| 001 |
in00003532621 |
| 005 |
20210430152237.0 |
| 006 |
m o d f |
| 007 |
cr m|||||||||| |
| 008 |
141009s2014 dcuab ob f000 0 eng c |
| 035 |
|
|
|a (OCoLC)ocn892625471
|
| 042 |
|
|
|a pcc
|
| 043 |
|
|
|a n-us---
|
| 040 |
|
|
|a FER
|b eng
|e rda
|e pn
|c FER
|d OCLCO
|d OCLCF
|d GPO
|d MvI
|
| 049 |
|
|
|a WWW
|
| 074 |
|
|
|a 0546-D-01 (online)
|
| 086 |
0 |
|
|a GA 1.5/2:GAO-14-690 T
|
| 100 |
1 |
|
|a Martin, Belva M.,
|e author.
|
| 240 |
1 |
0 |
|a Export controls (2014 June 20)
|
| 245 |
1 |
0 |
|a Export controls :
|b NASA management action and improved oversight needed to reduce the risk of unauthorized access to its technologies : testimony before the Subcommittee on Space and Oversight, Committee on Science, Space, and Technology, House of Representatives /
|c statement of Belva Martin.
|
| 246 |
3 |
|
|a Export controls :
|b National Aeronautics and Space Administration management action and improved oversight needed to reduce the risk of unauthorized access to its technologies
|
| 246 |
3 |
0 |
|a NASA management action and improved oversight needed to reduce the risk of unauthorized access to its technologies
|
| 264 |
|
1 |
|a [Washington, D.C.] :
|b United States Government Accountability Office,
|c 2014.
|
| 300 |
|
|
|a 1 online resource (11 pages) :
|b color illustrations, color map.
|
| 336 |
|
|
|a text
|b txt
|2 rdacontent
|
| 337 |
|
|
|a computer
|b c
|2 rdamedia
|
| 338 |
|
|
|a online resource
|b cr
|2 rdacarrier
|
| 490 |
1 |
|
|a Testimony ;
|v GAO-14-690T
|
| 500 |
|
|
|a Title from title screen (viewed Apr. 15, 2015).
|
| 500 |
|
|
|a "For release ... June 20, 2014."
|
| 504 |
|
|
|a Includes bibliographical references.
|
| 610 |
1 |
0 |
|a United States.
|b National Aeronautics and Space Administration
|v Rules and practice.
|
| 650 |
|
0 |
|a Export controls
|z United States.
|
| 650 |
|
0 |
|a Technology transfer
|x Government policy
|z United States.
|
| 710 |
1 |
|
|a United States.
|b Congress.
|b House.
|b Committee on Science, Space, and Technology.
|b Subcommittee on Space,
|e sponsoring body.
|
| 710 |
1 |
|
|a United States.
|b Congress.
|b House.
|b Committee on Science, Space, and Technology (2011- ).
|b Subcommittee on Oversight,
|e sponsoring body.
|
| 710 |
1 |
|
|a United States.
|b Government Accountability Office,
|e issuing body.
|
| 830 |
|
0 |
|a Testimony ;
|v GAO-14-690 T.
|
| 856 |
4 |
0 |
|u https://purl.fdlp.gov/GPO/gpo56273
|t 0
|
| 856 |
4 |
0 |
|u http://purl.fdlp.gov/GPO/gpo56273
|t 0
|
| 999 |
f |
f |
|s 20f5c7e7-3c7f-3c04-ae01-09a0c6540f01
|i e18589a3-3f9e-3dfc-ad47-d7e37b4fe933
|t 0
|
| 952 |
f |
f |
|a Texas A&M University
|b College Station
|c Electronic Resources
|d Available Online
|t 0
|e GA 1.5/2:GAO-14-690 T
|h Superintendent of Documents classification
|
| 998 |
f |
f |
|a GA 1.5/2:GAO-14-690 T
|t 0
|l Available Online
|